[Event "78th ch-RUS 2025"]
[Site "Moscow RUS"]
[Date "2025.10.04"]
[Round "4.6"]
[White "Ponkratov, Pavel"]
[Black "Zemlyanskii, Ivan"]
[Result "0-1"]
[WhiteTitle "GM"]
[BlackTitle "GM"]
[WhiteElo "2586"]
[BlackElo "2596"]
[WhiteFideId "4157800"]
[BlackFideId "24249971"]
[EventDate "2025.10.01"]

1. e4 e5 2. Nf3 Nc6 3. Bb5 a6 4. Ba4 Nf6 5. O-O Be7 6. Re1 b5 7. Bb3 O-O 8. a4
b4 9. d3 d6 10. a5 Be6 11. Bxe6 fxe6 12. c3 h6 13. d4 bxc3 14. bxc3 Rb8 15. dxe5
Nxe5 16. Nxe5 dxe5 17. Qxd8 Rfxd8 18. Kf1 Rb3 19. f3 Ne8 20. Ke2 Rdb8 21. Be3
Nd6 22. Nd2 Rb2 23. Ra4 Nb5 24. Rc4 Rd8 25. Rd1 Rc2 26. Kf1 Rd3 27. Re1 Rxe3 28.
Rxe3 Rxd2 29. Re2 Rd6 30. Rb2 Kf7 31. Ke2 Ke8 32. Rc5 Kd7 33. Rb3 Bg5 34. Rb2
Be7 35. Rb3 Bg5 36. Rb2 c6 37. g3 Kc7 38. h4 Be7 39. Rc4 Rd7 40. Rb3 h5 41. Rb2
g5 42. hxg5 Bxg5 43. Rc5 Bf6 44. Ke3 Be7 45. Rc4 Na3 46. Ra4 Bc5+ 47. Ke2 Rg7
48. Ra2 Nb5 49. Rc4 Rxg3 0-1

[Event "78th ch-RUS 2025"]
[Site "Moscow RUS"]
[Date "2025.10.05"]
[Round "5.1"]
[White "Zemlyanskii, Ivan"]
[Black "Vetokhin, Savva"]
[Result "0-1"]
[WhiteTitle "GM"]
[BlackTitle "GM"]
[WhiteElo "2596"]
[BlackElo "2569"]
[WhiteFideId "24249971"]
[BlackFideId "44144474"]
[EventDate "2025.10.01"]

1. d4 Nf6 2. c4 e6 3. Nf3 d5 4. g3 Be7 5. Bg2 O-O 6. O-O dxc4 7. Ne5 Nc6 8. Nxc6
bxc6 9. Na3 Bxa3 10. bxa3 Nd5 11. Qa4 Nb6 12. Qa5 Bb7 13. Rd1 Qe7 14. Bd2 Rfd8
15. Bb4 Qf6 16. e3 Rd5 17. Bc5 e5 18. e4 Rxd4 19. Bxd4 exd4 20. e5 Qd8 21. Qc5
d3 22. Rac1 Qd7 23. a4 a5 24. Rxc4 Nxc4 25. Qxc4 Rd8 26. Qc3 d2 27. Qxa5 Bc8 28.
Bf3 h6 29. Kg2 Qd4 30. Qxc7 Bf5 31. Qxc6 Qxe5 32. g4 Bg6 33. a5 Qxa5 34. Be4
Bxe4+ 35. Qxe4 Qxa2 36. h3 Qb3 37. Qf3 Qe6 38. Kf1 Qe5 39. Qe3 Qxe3 40. fxe3 Kh7
41. Ke2 Kg6 42. h4 f6 43. e4 h5 44. Kf3 hxg4+ 45. Kxg4 Kf7 0-1

[Event "78th ch-RUS 2025"]
[Site "Moscow RUS"]
[Date "2025.10.05"]
[Round "5.2"]
[White "Nesterov, Arseniy"]
[Black "Ponkratov, Pavel"]
[Result "1/2-1/2"]
[WhiteTitle "GM"]
[BlackTitle "GM"]
[WhiteElo "2584"]
[BlackElo "2586"]
[WhiteFideId "24198455"]
[BlackFideId "4157800"]
[EventDate "2025.10.01"]

1. d4 Nf6 2. c4 g6 3. Nc3 d5 4. cxd5 Nxd5 5. e4 Nxc3 6. bxc3 Bg7 7. Bc4 c5 8.
Ne2 Nc6 9. Be3 O-O 10. O-O b6 11. Rc1 Bb7 12. Qd2 e5 13. Bd5 exd4 14. cxd4 cxd4
15. Nxd4 Bxd4 16. Bxd4 Nxd4 17. Qxd4 Qe7 18. Rfd1 Rad8 19. h3 Rd7 20. Qa4 Rfd8
21. Bxb7 Rxd1+ 22. Rxd1 Rxd1+ 23. Qxd1 Qxb7 24. Qd8+ Kg7 25. Qd4+ Kg8 26. Qd8+
Kg7 27. Qd4+ Kg8 1/2-1/2

[Event "78th ch-RUS 2025"]
[Site "Moscow RUS"]
[Date "2025.10.05"]
[Round "5.3"]
[White "Dubov, Daniil"]
[Black "Zvjaginsev, Vadim"]
[Result "1/2-1/2"]
[WhiteTitle "GM"]
[BlackTitle "GM"]
[WhiteElo "2684"]
[BlackElo "2528"]
[WhiteFideId "24126055"]
[BlackFideId "4113403"]
[EventDate "2025.10.01"]

1. e4 e5 2. Nf3 Nc6 3. Bb5 Nf6 4. O-O Nxe4 5. d4 Nd6 6. Ba4 e4 7. Ne5 Be7 8. Nc3
O-O 9. Re1 Na5 10. Bd2 Ndc4 11. Nd5 Nxb2 12. Qh5 Nxa4 13. Rxe4 d6 14. Nd7 Nc6
15. Nxe7+ Nxe7 16. Rh4 f5 17. Qxh7+ Kf7 18. Nxf8 Qxf8 19. Qh5+ Kg8 20. Bg5 Bd7
21. Qh7+ Kf7 22. Rh6 Nd5 23. Qg6+ Kg8 24. Qh7+ Kf7 25. c4 Nab6 26. Qg6+ Kg8 27.
Qh7+ Kf7 28. cxd5 Nxd5 29. Qg6+ Kg8 30. Rh4 Qe8 31. Qh7+ Kf7 32. Qh5+ Kg8 33.
Qh8+ Kf7 34. Qh5+ Kg8 35. Qf3 Qe6 36. Qh3 Kf7 37. Rh8 Rxh8 38. Qxh8 Qe4 39. Qh5+
Kg8 40. Qd1 Qg4 41. h4 Qxd1+ 42. Rxd1 1/2-1/2

[Event "78th ch-RUS 2025"]
[Site "Moscow RUS"]
[Date "2025.10.05"]
[Round "5.4"]
[White "Esipenko, Andrey"]
[Black "Malakhov, Vladimir"]
[Result "1-0"]
[WhiteTitle "GM"]
[BlackTitle "GM"]
[WhiteElo "2693"]
[BlackElo "2643"]
[WhiteFideId "24175439"]
[BlackFideId "4120787"]
[EventDate "2025.10.01"]

1. e4 e5 2. Nf3 Nc6 3. Bc4 Bc5 4. c3 Nf6 5. d3 d6 6. O-O a6 7. Bb3 h6 8. Be3
Bxe3 9. fxe3 O-O 10. Nbd2 Be6 11. Bxe6 fxe6 12. Qb3 Qd7 13. d4 Rab8 14. h3 exd4
15. cxd4 Kh7 16. Rf2 e5 17. Raf1 Kh8 18. a3 Qf7 19. Qc3 exd4 20. exd4 Rbe8 21.
Nh4 Qh5 22. Nf5 Rf7 23. Rf3 Ref8 24. Qb3 g6 25. Ng3 Nxd4 26. Nxh5 Nxb3 27. Nxb3
gxh5 28. Nd4 Kh7 29. Ne6 Kg6 30. Rg3+ Kh7 31. Rgf3 Kg6 32. h4 a5 33. a4 c6 34.
Rg3+ Kh7 35. Nxf8+ Rxf8 36. Rd3 d5 37. e5 Nd7 38. e6 1-0

[Event "78th ch-RUS 2025"]
[Site "Moscow RUS"]
[Date "2025.10.05"]
[Round "5.5"]
[White "Artemiev, Vladislav"]
[Black "Uskov, Artem"]
[Result "1/2-1/2"]
[WhiteTitle "GM"]
[BlackTitle "GM"]
[WhiteElo "2646"]
[BlackElo "2498"]
[WhiteFideId "24101605"]
[BlackFideId "34254854"]
[EventDate "2025.10.01"]

1. c4 e5 2. Nc3 Nf6 3. Nf3 Nc6 4. g3 d5 5. cxd5 Nxd5 6. Bg2 Bc5 7. d3 O-O 8. O-O
h6 9. a3 a5 10. Nxd5 Qxd5 11. Bd2 Qd6 12. Bc3 Rd8 13. Qc2 Nd4 14. Nxd4 Bxd4 15.
Bxd4 exd4 16. b4 c6 17. Qb2 Ra6 18. Rfb1 Bd7 19. bxa5 Bc8 20. Qd2 Qc5 21. Rb4
Rxa5 22. Qb2 Qa7 23. h4 Ra6 24. a4 Ra5 25. Kh2 Rd6 26. Rc1 c5 27. Rb5 b6 28. Rb1
Rxb5 29. axb5 Bb7 30. Ra1 Qb8 31. Qa2 Bxg2 32. Kxg2 Qb7+ 33. Kg1 Qe7 34. Qa8+
Kh7 35. Kf1 Rd8 36. Qc6 Rd6 37. Qc8 Rf6 38. Qg4 g6 39. h5 gxh5 40. Qxh5 Qe3 41.
Qh2 c4 1/2-1/2

[Event "78th ch-RUS 2025"]
[Site "Moscow RUS"]
[Date "2025.10.05"]
[Round "5.6"]
[White "Lobanov, Sergei"]
[Black "Iljiushenok, Ilia"]
[Result "1/2-1/2"]
[WhiteTitle "GM"]
[BlackTitle "GM"]
[WhiteElo "2526"]
[BlackElo "2514"]
[WhiteFideId "24183750"]
[BlackFideId "24105074"]
[EventDate "2025.10.01"]

1. c4 Nf6 2. Nc3 c5 3. Nf3 Nc6 4. d4 cxd4 5. Nxd4 e6 6. g3 Qb6 7. Ndb5 Ne5 8.
Bg2 a6 9. Na4 Qd8 10. Nd6+ Bxd6 11. Qxd6 Nxc4 12. Qb4 d5 13. O-O a5 14. Qc3 O-O
15. b3 Nd6 16. Bf4 Nfe4 17. Qd4 b5 18. Bxe4 bxa4 19. Bd3 axb3 20. axb3 Ba6 21.
Bxd6 Qxd6 22. Rxa5 Bxd3 23. Rxa8 Rxa8 24. Qxd3 Rb8 25. Rc1 h6 26. h4 h5 27. Qf3
Qe5 28. b4 Qb2 29. Rc7 Qb1+ 30. Kg2 Qf5 31. Qxf5 exf5 32. Rc5 Rxb4 33. Rxd5 g6
34. e3 Kg7 35. Kf3 Rc4 36. Rb5 Ra4 37. Rb7 Ra2 38. Rc7 Ra4 39. Rd7 Rb4 40. Rc7
Ra4 41. Rb7 1/2-1/2

[Event "78th ch-RUS 2025"]
[Site "Moscow RUS"]
[Date "2025.10.06"]
[Round "6.1"]
[White "Vetokhin, Savva"]
[Black "Iljiushenok, Ilia"]
[Result "1/2-1/2"]
[WhiteTitle "GM"]
[BlackTitle "GM"]
[WhiteElo "2569"]
[BlackElo "2514"]
[WhiteFideId "44144474"]
[BlackFideId "24105074"]
[EventDate "2025.10.01"]

1. d4 Nf6 2. c4 g6 3. Nf3 Bg7 4. g3 c5 5. Bg2 cxd4 6. Nxd4 O-O 7. Nc3 Nc6 8. Nc2
d6 9. O-O Be6 10. b3 Qd7 11. Bf4 Nh5 12. Bd2 Bh3 13. e4 a6 14. Ne3 Bxg2 15. Kxg2
b5 16. Rc1 e6 17. cxb5 axb5 18. Nxb5 Rxa2 19. Bc3 Rd8 20. Bxg7 Kxg7 21. Ra1 Rxa1
22. Qxa1+ Nf6 23. Rd1 Qb7 24. Nxd6 Qxb3 25. Qa6 Ng4 26. Qa1+ Nf6 27. e5 Nd7 28.
Nec4 Kg8 29. Rd2 Nc5 30. Qd1 Qxd1 31. Rxd1 Ne4 32. Rc1 Nxd6 33. exd6 Nd4 34. Rb1
e5 35. Rb7 f6 36. g4 Ne6 37. Re7 Ng5 38. Ra7 Ne4 39. d7 Kf7 40. Rc7 Ke6 41. f3
Ng5 42. Nb6 Kd6 43. Rc8 Ne6 44. Kf2 f5 45. gxf5 gxf5 46. Ke3 Ke7 47. Rc6 Nf8 48.
Rh6 Nxd7 49. Rxh7+ Ke6 50. Nxd7 1/2-1/2

[Event "78th ch-RUS 2025"]
[Site "Moscow RUS"]
[Date "2025.10.06"]
[Round "6.2"]
[White "Uskov, Artem"]
[Black "Lobanov, Sergei"]
[Result "1-0"]
[WhiteTitle "GM"]
[BlackTitle "GM"]
[WhiteElo "2498"]
[BlackElo "2526"]
[WhiteFideId "34254854"]
[BlackFideId "24183750"]
[EventDate "2025.10.01"]

1. e4 e5 2. Nf3 Nc6 3. Bc4 Bc5 4. d3 Nf6 5. Bg5 h6 6. Bh4 d6 7. c3 a5 8. Nbd2
Ba7 9. Qe2 Bd7 10. Bb5 g5 11. Bg3 Nh5 12. Nc4 g4 13. Nfd2 Qg5 14. O-O-O O-O 15.
Kb1 Nd4 16. cxd4 Bxb5 17. dxe5 dxe5 18. h3 Nxg3 19. fxg3 f5 20. exf5 Bxc4 21.
Nxc4 Rxf5 22. hxg4 Rf2 23. Qe4 Raf8 24. Nxe5 Qf6 25. d4 Re8 26. Rhe1 Kg7 27. Qd5
Rd8 28. Qe4 Re8 29. Qd5 Rd8 30. Qc4 Bb6 31. Nf3 Qg6+ 32. Ka1 Qc2 33. Qxc2 Rxc2
34. Nh4 Kf6 35. Kb1 Rf2 36. d5 Kf7 37. Nf5 h5 38. d6 hxg4 39. Nh6+ Kg7 40. Nxg4
Rf7 41. Ne5 Rf6 42. Nc4 Rd7 43. Re4 Bc5 44. Rg4+ Kf8 45. Rf4 Kg7 46. Rxf6 Kxf6
47. dxc7 Rxc7 48. Nxa5 Rg7 49. Rd3 Bb4 50. Nc4 Ke6 51. Kc2 Bc5 52. Rf3 Kd5 53.
Kd3 b5 54. Rf5+ Kc6 55. Ne5+ Kd6 56. g4 Ra7 57. a3 b4 58. Nc4+ Kc6 59. axb4 Bxb4
60. g5 Rd7+ 61. Ke4 1-0

[Event "78th ch-RUS 2025"]
[Site "Moscow RUS"]
[Date "2025.10.06"]
[Round "6.3"]
[White "Malakhov, Vladimir"]
[Black "Artemiev, Vladislav"]
[Result "1/2-1/2"]
[WhiteTitle "GM"]
[BlackTitle "GM"]
[WhiteElo "2643"]
[BlackElo "2646"]
[WhiteFideId "4120787"]
[BlackFideId "24101605"]
[EventDate "2025.10.01"]

1. Nf3 d5 2. e3 Nf6 3. c4 e6 4. d4 Be7 5. Nc3 O-O 6. a3 c5 7. dxc5 dxc4 8. Bxc4
Qxd1+ 9. Kxd1 Bxc5 10. Ke2 Rd8 11. b4 Be7 12. Bb2 a6 13. Bd3 Nbd7 14. Ne4 Nxe4
15. Bxe4 a5 16. Rhd1 axb4 17. axb4 Rxa1 18. Bxa1 Bxb4 19. Rb1 Be7 20. Bxb7 Nc5
21. Bxc8 Rxc8 22. Bd4 Ne4 23. Nd2 Nxd2 24. Kxd2 Rd8 25. Ke2 Bf6 26. Bxf6 gxf6
27. Rb7 f5 28. g3 Kg7 29. Ra7 Kg8 30. Rb7 Kg7 31. Ra7 Kg8 1/2-1/2

[Event "78th ch-RUS 2025"]
[Site "Moscow RUS"]
[Date "2025.10.06"]
[Round "6.4"]
[White "Zvjaginsev, Vadim"]
[Black "Esipenko, Andrey"]
[Result "1/2-1/2"]
[WhiteTitle "GM"]
[BlackTitle "GM"]
[WhiteElo "2528"]
[BlackElo "2693"]
[WhiteFideId "4113403"]
[BlackFideId "24175439"]
[EventDate "2025.10.01"]

1. e4 c5 2. Nf3 Nc6 3. Bb5 d6 4. d4 cxd4 5. Qxd4 a6 6. Bxc6+ bxc6 7. Qc3 Qc7 8.
e5 dxe5 9. Nxe5 Nf6 10. O-O Bf5 11. Qxc6+ Qxc6 12. Nxc6 Bxc2 13. Nc3 Rc8 14. Nd4
Bg6 15. Bg5 e5 16. Nf3 Nd7 17. Nh4 Bh5 18. Be3 Bg4 19. Nd5 Be6 20. Rfd1 f6 21.
f4 Rc2 22. Nf3 Kf7 23. b4 h6 24. a3 Be7 25. Nxe7 Kxe7 26. fxe5 fxe5 27. Rac1
Rxc1 28. Rxc1 Bd5 29. Nd2 Ra8 30. Rc7 Kd6 31. Ra7 Rxa7 32. Bxa7 Kc6 33. a4 Nb6
34. Bxb6 Kxb6 35. Kf2 a5 36. bxa5+ Kxa5 37. Nf3 Kxa4 38. Nxe5 Kb5 39. g3 Kc5 40.
Ke3 Kd6 1/2-1/2

[Event "78th ch-RUS 2025"]
[Site "Moscow RUS"]
[Date "2025.10.06"]
[Round "6.5"]
[White "Ponkratov, Pavel"]
[Black "Dubov, Daniil"]
[Result "1/2-1/2"]
[WhiteTitle "GM"]
[BlackTitle "GM"]
[WhiteElo "2586"]
[BlackElo "2684"]
[WhiteFideId "4157800"]
[BlackFideId "24126055"]
[EventDate "2025.10.01"]

1. c4 Nf6 2. Nc3 c5 3. Nf3 e6 4. g3 d5 5. cxd5 exd5 6. d4 Nc6 7. Bg2 cxd4 8.
Nxd4 Bc5 9. Nxc6 bxc6 10. O-O O-O 11. Na4 Bb6 12. Qc2 Bd7 13. Nxb6 axb6 14. b3
Re8 15. Bb2 Qe7 16. Rfe1 Ne4 17. Qd3 f6 18. Qd4 Rab8 19. Rac1 Qf7 20. Red1 Qh5
21. Bf3 Qf5 22. h4 h5 23. Rd3 Kh7 24. a4 Qg6 25. Kg2 Re5 26. Re3 Qf5 27. Qd3
Ree8 28. Rd1 Rbd8 29. Qd4 Nd6 30. Rxe8 Rxe8 31. Qxb6 Qc2 32. Qc7 Bg4 33. Bxf6
Nf5 34. Rf1 Rxe2 35. Bxg4 hxg4 36. Kg1 d4 37. Qd7 Qe4 38. a5 Ra2 39. b4 Kg6 40.
Bg5 d3 41. Bf4 Nd4 42. Qxg4+ Kh7 43. Qh5+ Kg8 44. Kh2 Qe2 45. Qg6 d2 46. Rd1 Ra3
47. Kh3 Qxd1 1/2-1/2

[Event "78th ch-RUS 2025"]
[Site "Moscow RUS"]
[Date "2025.10.06"]
[Round "6.6"]
[White "Zemlyanskii, Ivan"]
[Black "Nesterov, Arseniy"]
[Result "1/2-1/2"]
[WhiteTitle "GM"]
[BlackTitle "GM"]
[WhiteElo "2596"]
[BlackElo "2584"]
[WhiteFideId "24249971"]
[BlackFideId "24198455"]
[EventDate "2025.10.01"]

1. e4 e5 2. Nf3 Nf6 3. Nxe5 d6 4. Nf3 Nxe4 5. Nc3 Nxc3 6. dxc3 Be7 7. Be3 O-O 8.
Qd2 Nd7 9. O-O-O Nf6 10. a3 Re8 11. Bd3 h6 12. Rhe1 Bd7 13. Bf4 Bf8 14. c4 Nh5
15. Rxe8 Qxe8 16. Be3 c5 17. Qc3 Bc6 18. Nh4 Nf6 19. Nf5 Qe5 20. Qxe5 dxe5 21.
Bd2 Re8 22. Ne3 g6 23. b4 Bg7 24. Bc3 Bd7 25. f3 h5 26. Kb2 b6 27. Be2 e4 28. f4
Bg4 29. Rd6 Bxe2 30. Bxf6 cxb4 31. axb4 Bf8 32. Rd7 Bxb4 33. Bd4 Bg4 34. Rxa7
Be6 35. Rb7 Bd2 36. Rxb6 Rd8 37. Bc5 Rc8 38. Rd6 Rb8+ 39. Rb6 Rxb6+ 40. Bxb6
Bxe3 41. Bxe3 Bxc4 1/2-1/2

[Event "78th ch-RUS 2025"]
[Site "Moscow RUS"]
[Date "2025.10.08"]
[Round "7.1"]
[White "Nesterov, Arseniy"]
[Black "Vetokhin, Savva"]
[Result "1-0"]
[WhiteTitle "GM"]
[BlackTitle "GM"]
[WhiteElo "2584"]
[BlackElo "2569"]
[WhiteFideId "24198455"]
[BlackFideId "44144474"]
[EventDate "2025.10.01"]

1. c4 e6 2. g3 d5 3. Bg2 Nf6 4. Nf3 Be7 5. d4 O-O 6. Nc3 Nbd7 7. Ne5 c6 8. O-O
Nxe5 9. dxe5 Nd7 10. cxd5 exd5 11. f4 Bc5+ 12. Kh1 a5 13. Qc2 b5 14. b3 Qb6 15.
Bb2 Ba6 16. Rfd1 Rfd8 17. e4 d4 18. Ne2 Nf8 19. Rac1 b4 20. Qxc5 Qxc5 21. Rxc5
Bxe2 22. Rd2 Bb5 23. Rc1 d3 24. Kg1 Rac8 25. Bh3 Ne6 26. Kf2 c5 27. f5 Nd4 28.
Bf1 c4 29. bxc4 Rxc4 30. Rxc4 Bxc4 31. Bxd4 Rxd4 32. Ke3 Rd8 33. Bxd3 Bxd3 34.
Rxd3 Rb8 35. e6 fxe6 36. fxe6 Kf8 37. Rd7 a4 38. e7+ Ke8 39. Rd8+ Rxd8 40.
exd8=Q+ Kxd8 41. Kd4 1-0

[Event "78th ch-RUS 2025"]
[Site "Moscow RUS"]
[Date "2025.10.08"]
[Round "7.2"]
[White "Dubov, Daniil"]
[Black "Zemlyanskii, Ivan"]
[Result "1/2-1/2"]
[WhiteTitle "GM"]
[BlackTitle "GM"]
[WhiteElo "2684"]
[BlackElo "2596"]
[WhiteFideId "24126055"]
[BlackFideId "24249971"]
[EventDate "2025.10.01"]

1. c4 Nf6 2. Nc3 d5 3. cxd5 Nxd5 4. g3 e5 5. Bg2 Nb6 6. Nf3 Nc6 7. O-O Be7 8. b3
O-O 9. Bb2 Bf5 10. d3 Qd7 11. a4 Bh3 12. Bxh3 Qxh3 13. a5 Nd7 14. a6 Rab8 15.
Nd5 Bd6 16. Qc2 Qe6 17. Qc4 Nc5 18. axb7 Rxb7 19. Ng5 Qd7 20. b4 Ne6 21. Ne4 f5
22. Nxd6 cxd6 23. b5 Ncd8 24. Ra6 Nf7 25. b6 axb6 26. Nxb6 Qe8 27. Ra8 Ned8 28.
Na4 Qd7 29. Qc8 Qxc8 30. Rxc8 Ne6 31. Rfc1 Rb4 32. R1c4 Rxc4 33. Rxc4 Rb8 34.
Kg2 Kf8 35. Ba3 Ke7 36. Nc3 Kd7 37. Ra4 Nc7 38. Bb4 Nd8 39. Ba5 Nde6 40. Bxc7
Nxc7 41. Ra7 1/2-1/2

[Event "78th ch-RUS 2025"]
[Site "Moscow RUS"]
[Date "2025.10.08"]
[Round "7.3"]
[White "Esipenko, Andrey"]
[Black "Ponkratov, Pavel"]
[Result "1/2-1/2"]
[WhiteTitle "GM"]
[BlackTitle "GM"]
[WhiteElo "2693"]
[BlackElo "2586"]
[WhiteFideId "24175439"]
[BlackFideId "4157800"]
[EventDate "2025.10.01"]

1. e4 c5 2. Nf3 d6 3. d4 cxd4 4. Nxd4 Nf6 5. Nc3 a6 6. Be3 e5 7. Nb3 Be6 8. Qd3
Be7 9. Nd5 Bxd5 10. exd5 Nbd7 11. Be2 O-O 12. O-O Nc5 13. Nxc5 dxc5 14. c4 Bd6
15. Rae1 e4 16. Qc2 Qc7 17. g3 Rae8 18. f4 exf3 19. Bxf3 Re5 20. Bd2 Rxe1 21.
Rxe1 Nd7 22. b3 Ne5 23. Bg2 Re8 24. Qf5 Qd8 25. Bc3 g6 26. Qf4 Qe7 27. g4 f6 28.
h4 Qf8 29. h5 Qe7 30. Re4 b6 31. Qf1 Qg7 32. Kh1 Re7 33. Bd2 Qf7 34. Kg1 Kg7 35.
Qd1 Nd7 36. Qe2 Rxe4 37. Bxe4 Ne5 38. Bg2 Qd7 39. Bf4 gxh5 40. gxh5 Qf5 41. Bc1
Kf7 42. Be4 Qh3 43. Bf4 f5 44. Bg2 Qc3 45. Qe3 Qd4 46. Qxd4 cxd4 47. Bd2 a5 48.
Kf2 Bb4 49. Bf4 Nd3+ 50. Kf3 Nxf4 51. Kxf4 Kf6 52. Bf1 Bd6+ 53. Kf3 h6 54. Bd3
Kg5 55. Bc2 f4 56. Ke4 Kxh5 57. Bd1+ Kg5 58. Kxd4 h5 59. Ke4 h4 60. Kf3 h3 61.
Be2 Kf5 62. Bd3+ Ke5 63. Bf1 h2 64. Kg2 Kd4 65. Kxh2 Kc3 66. Bh3 a4 67. bxa4
Kxc4 68. Kg2 Kxd5 1/2-1/2

[Event "78th ch-RUS 2025"]
[Site "Moscow RUS"]
[Date "2025.10.08"]
[Round "7.4"]
[White "Artemiev, Vladislav"]
[Black "Zvjaginsev, Vadim"]
[Result "1/2-1/2"]
[WhiteTitle "GM"]
[BlackTitle "GM"]
[WhiteElo "2646"]
[BlackElo "2528"]
[WhiteFideId "24101605"]
[BlackFideId "4113403"]
[EventDate "2025.10.01"]

1. d4 d5 2. c4 e6 3. Nc3 Be7 4. cxd5 exd5 5. Bf4 Nf6 6. e3 c5 7. dxc5 O-O 8. Bb5
Bxc5 9. Nf3 a6 10. Ba4 Nc6 11. O-O Be6 12. Bg5 Be7 13. Rc1 h6 14. Bxf6 Bxf6 15.
Bxc6 bxc6 16. Na4 Bg4 17. h3 Bxf3 18. Qxf3 Rc8 19. b3 Re8 20. Rfd1 Be7 21. Rc2
Ba3 22. Qe2 a5 23. Nc5 Qe7 24. Na4 Qb7 25. Qd2 Rb8 26. Qd4 Re4 27. Qc3 Re6 28.
Nc5 Bxc5 29. Qxc5 a4 30. bxa4 Qa6 31. Qa3 Ree8 32. Qc5 Re6 33. Qa3 Ree8 34. Rdc1
Ra8 35. Rxc6 Qxa4 36. Qxa4 Rxa4 37. Rc8 Rxc8 38. Rxc8+ Kh7 39. Rc2 g5 40. Rd2
Kg6 41. Kf1 f5 42. Ke2 Kf6 43. Kd3 f4 44. exf4 Rxf4 45. Re2 h5 46. Kc3 g4 47.
hxg4 Rxg4 48. f3 Rf4 49. Kb3 h4 50. Rf2 Ke5 51. a4 Kd4 52. Rd2+ Kc5 53. Rc2+ Kb6
54. Rc3 Rf8 55. Rd3 Kc5 56. a5 d4 57. Rd2 h3 58. Rc2+ Kb5 59. gxh3 Rxf3+ 60. Kb2
Rxh3 1/2-1/2

[Event "78th ch-RUS 2025"]
[Site "Moscow RUS"]
[Date "2025.10.08"]
[Round "7.5"]
[White "Lobanov, Sergei"]
[Black "Malakhov, Vladimir"]
[Result "1/2-1/2"]
[WhiteTitle "GM"]
[BlackTitle "GM"]
[WhiteElo "2526"]
[BlackElo "2643"]
[WhiteFideId "24183750"]
[BlackFideId "4120787"]
[EventDate "2025.10.01"]

1. d4 d5 2. c4 c6 3. Nf3 Nf6 4. Nc3 a6 5. c5 Bf5 6. Qb3 Ra7 7. Nh4 Bg6 8. Bf4
Nbd7 9. g3 e5 10. dxe5 Nxc5 11. Qd1 Nfd7 12. Bh3 Be7 13. Nf5 Bxf5 14. Bxf5 Ne6
15. e4 Nxf4 16. gxf4 dxe4 17. Nxe4 Nb6 18. Qxd8+ Kxd8 19. O-O-O+ Kc7 20. Ng5
Bxg5 21. fxg5 Raa8 22. f4 Rae8 23. h4 Re7 24. Bc2 Nd5 25. Rd4 h6 26. Rf1 Ne3 27.
Rf3 c5 28. Ra4 Nxc2 29. Kxc2 hxg5 30. fxg5 Kc6 31. Raf4 Rxe5 32. Rxf7 Rxh4 33.
Rxg7 b6 34. Rg6+ Kb5 35. Rb3+ Kc4 36. Rc3+ Kb5 37. Rb3+ Kc4 38. Rc3+ Kb5 39.
Rb3+ 1/2-1/2

[Event "78th ch-RUS 2025"]
[Site "Moscow RUS"]
[Date "2025.10.08"]
[Round "7.6"]
[White "Iljiushenok, Ilia"]
[Black "Uskov, Artem"]
[Result "1/2-1/2"]
[WhiteTitle "GM"]
[BlackTitle "GM"]
[WhiteElo "2514"]
[BlackElo "2498"]
[WhiteFideId "24105074"]
[BlackFideId "34254854"]
[EventDate "2025.10.01"]

1. d4 Nf6 2. c4 e6 3. Nc3 Bb4 4. Nf3 b6 5. e3 Bb7 6. Bd3 O-O 7. O-O c5 8. Na4
cxd4 9. exd4 Re8 10. a3 Bf8 11. b4 d6 12. Bb2 Nbd7 13. Re1 Rc8 14. Bf1 g6 15.
Nc3 a6 16. Nd2 Qc7 17. Nb3 Qb8 18. h3 Rc7 19. Rc1 Rec8 20. Nb1 Bh6 21. N1d2 Ba8
22. Rb1 Bc6 23. c5 Ba4 24. Qf3 Qa8 25. d5 Qxd5 26. cxb6 Rc6 27. Bxa6 Rb8 28. Be2
Qxf3 29. Bxf3 d5 30. Bd4 Ne8 31. Nf1 Nxb6 32. Na5 Rcc8 33. Ne3 Bg7 34. Bxb6 Rxb6
35. Bxd5 exd5 36. Nxd5 Rbb8 37. Ne7+ Kf8 38. Nxc8 Rxc8 39. b5 Rb8 40. Nc4 Bc2
41. Rbc1 Ba4 42. Rb1 1/2-1/2

[Event "78th ch-RUS 2025"]
[Site "Moscow RUS"]
[Date "2025.10.09"]
[Round "8.1"]
[White "Vetokhin, Savva"]
[Black "Uskov, Artem"]
[Result "1/2-1/2"]
[WhiteTitle "GM"]
[BlackTitle "GM"]
[WhiteElo "2569"]
[BlackElo "2498"]
[WhiteFideId "44144474"]
[BlackFideId "34254854"]
[EventDate "2025.10.01"]

1. d4 Nf6 2. c4 e6 3. Nf3 b6 4. g3 Bb7 5. Bg2 Be7 6. Nc3 Ne4 7. Bd2 O-O 8. O-O
f5 9. d5 Bf6 10. Rc1 Na6 11. Be1 Nac5 12. Nd4 a5 13. Nxe4 fxe4 14. dxe6 Bxd4 15.
Qxd4 Nxe6 16. Qe3 d5 17. cxd5 Qxd5 18. Bc3 Rad8 19. b3 c5 20. f3 Rfe8 21. fxe4
Qg5 22. Qxg5 Nxg5 23. e5 Bxg2 24. Kxg2 Ne4 25. Bb2 Rd2 26. Rb1 Ng5 27. Rf2 Nf7
28. e4 Rdd8 29. Rf5 Rd2+ 30. Rf2 Rdd8 31. Rf5 Rd2+ 32. Rf2 1/2-1/2

[Event "78th ch-RUS 2025"]
[Site "Moscow RUS"]
[Date "2025.10.09"]
[Round "8.2"]
[White "Malakhov, Vladimir"]
[Black "Iljiushenok, Ilia"]
[Result "1/2-1/2"]
[WhiteTitle "GM"]
[BlackTitle "GM"]
[WhiteElo "2643"]
[BlackElo "2514"]
[WhiteFideId "4120787"]
[BlackFideId "24105074"]
[EventDate "2025.10.01"]

1. Nf3 Nf6 2. c4 c5 3. Nc3 Nc6 4. g3 g6 5. Bg2 Bg7 6. d4 cxd4 7. Nxd4 O-O 8. O-O
Nxd4 9. Qxd4 d6 10. Qd3 a6 11. Bd2 Bf5 12. e4 Be6 13. b3 Nd7 14. Rac1 b5 15.
cxb5 axb5 16. Rc2 Ne5 17. Qxb5 Bc8 18. Qe2 Ba6 19. Nb5 Qb6 20. a4 Rab8 21. b4
Bxb5 22. axb5 Qxb5 23. Qxb5 Rxb5 24. Rc7 e6 25. Rfc1 Rb6 26. Rd1 Rfb8 27. h3 h5
28. Kh2 Rc6 29. Rxc6 Nxc6 30. Rb1 Bd4 31. Be1 Bc5 32. b5 Nd4 33. Bf1 Nf3+ 34.
Kg2 Nxe1+ 35. Rxe1 Ra8 36. Re2 Ra4 37. Rb2 Bd4 38. Rc2 Rb4 39. Rc4 Rxc4 40. Bxc4
Kf8 1/2-1/2

[Event "78th ch-RUS 2025"]
[Site "Moscow RUS"]
[Date "2025.10.09"]
[Round "8.3"]
[White "Zvjaginsev, Vadim"]
[Black "Lobanov, Sergei"]
[Result "1/2-1/2"]
[WhiteTitle "GM"]
[BlackTitle "GM"]
[WhiteElo "2528"]
[BlackElo "2526"]
[WhiteFideId "4113403"]
[BlackFideId "24183750"]
[EventDate "2025.10.01"]

1. e4 e5 2. Nf3 Nc6 3. Nc3 Nf6 4. d4 exd4 5. Nxd4 Bb4 6. Nxc6 bxc6 7. Bd3 d5 8.
exd5 O-O 9. O-O Bg4 10. f3 Bh5 11. Bg5 Qd6 12. Bxf6 Qxf6 13. dxc6 Bxc3 14. bxc3
Qxc3 15. Qe1 Qxc6 16. f4 f6 17. Rb1 Bg6 18. Qf2 Bxd3 19. cxd3 Qd5 20. Qc2 Rab8
21. Rxb8 Rxb8 22. Qxc7 Rb2 23. Qc8+ Kf7 24. Qc7+ Kg8 25. Qc8+ Kf7 26. Qc7+ Kg8
27. Qc8+ Kf7 1/2-1/2